|
|
|
|
| LEADER |
01412nam a2200385Ia 4500 |
| 001 |
EBC1053903 |
| 003 |
MiAaPQ |
| 005 |
20200520144314.0 |
| 006 |
m o d | |
| 007 |
cr cn||||||||| |
| 008 |
120816s2013 nju sb 001 0beng d |
| 010 |
|
|
|z 2012032122
|
| 020 |
|
|
|z 9781611475852
|
| 020 |
|
|
|z 9781611475869
|
| 035 |
|
|
|a (MiAaPQ)EBC1053903
|
| 035 |
|
|
|a (Au-PeEL)EBL1053903
|
| 035 |
|
|
|a (CaPaEBR)ebr10624652
|
| 035 |
|
|
|a (CaONFJC)MIL404713
|
| 035 |
|
|
|a (OCoLC)845247078
|
| 040 |
|
|
|a MiAaPQ
|c MiAaPQ
|d MiAaPQ
|
| 043 |
|
|
|a n-us---
|
| 050 |
|
4 |
|a HG172.R43
|b R97 2013
|
| 082 |
0 |
4 |
|a 338.092
|a B
|2 23
|
| 100 |
1 |
|
|a Ryscavage, Paul.
|
| 245 |
1 |
0 |
|a Norman B. Ream
|h [electronic resource] :
|b forgotten master of markets /
|c Paul Ryscavage.
|
| 260 |
|
|
|a Madison, N.J. :
|b Fairleigh Dickinson University Press,
|c c2013.
|
| 300 |
|
|
|a xxi, 283 p.
|
| 504 |
|
|
|a Includes bibliographical references and index.
|
| 533 |
|
|
|a Electronic reproduction. Ann Arbor, MI : ProQuest, 2015. Available via World Wide Web. Access may be limited to ProQuest affiliated libraries.
|
| 600 |
1 |
0 |
|a Ream, Norman B.,
|d 1844-1915.
|
| 650 |
|
0 |
|a Capitalists and financiers
|z United States
|v Biography.
|
| 650 |
|
0 |
|a Businessmen
|z United States
|v Biography.
|
| 655 |
|
4 |
|a Electronic books.
|
| 710 |
2 |
|
|a ProQuest (Firm)
|
| 856 |
4 |
0 |
|u https://ebookcentral.proquest.com/lib/matrademy/detail.action?docID=1053903
|z Click to View
|